Analýza konkurencie vo vybranom odvetví diplomová práca

Enregistré dans:
Détails bibliographiques
Auteur principal: Obuchová, Michaela
Collectivité auteur: Fakulta podnikového manažmentu EU. Katedra podnikovohospodárska
Autres auteurs: Matušovič, Martin
Format: Livre
Langue:slovaque
Publié: Bratislava 2012
Tags: Ajouter un tag
Pas de tags, Soyez le premier à ajouter un tag!

MARC

LEADER 00000nbm a2200000 4500
001 0153986
005 20161109102130.4
041 0 |a slo 
044 |a SK 
245 1 0 |a Analýza konkurencie vo vybranom odvetví  |b diplomová práca  |c Michaela Obuchová ; školiteľ: Martin Matušovič 
264 1 |a Bratislava  |c 2012 
300 |a 71 s. 
100 1 |a Obuchová, Michaela 
700 1 |a Matušovič, Martin 
710 2 |a Fakulta podnikového manažmentu EU. Katedra podnikovohospodárska